000 00728nam a2200181 4500
001 121907
003 ES-MaACL
005 20230906191849.0
007 t|
008 070214s1969 sp r ||||1| spa d
100 1 _aPoblación del Castillo, José.
_992685
245 1 3 _aLa epopeya del hombre en la prehistoria
_b: su forma de vida, su saber tocoginecológico : discurso /
_cleido por José Población del Castillo ; contestación [de] Eduardo Ledo Dunipe.
260 _aValladolid :
_bAcademia de Medicina y Cirugía,
_c1969.
300 _a74 p., 8 lám. ;
_c25 cm.
700 1 _aLedo Dunipe, Eduardo.
_971162
710 2 _aReal Academia de Medicina y Cirugía de Valladolid.
_96330
852 _aES-MaACL
_jC-45554
_bR.69455
999 _c121907
_d121907